The wanderlust anthropologist : (Record no. 42907)

MARC details
000 -LEADER
fixed length control field 00873nam a22002177a 4500
005 - DATE AND TIME OF LATEST TRANSACTION
control field 2010082108398.0
010 ## - LCCN (DPL NO)
LC control number ENG-101205
020 ## - INTERNATIONAL STANDARD BOOK NUMBER
Terms of availability 75.00
035 ## - SYSTEM CONTROL NUMBER
System control number EN-84738
037 ## - SOURCE OF ACQUISITION
Source of stock number/acquisition DBAD/PUB
082 ## - DEWEY DECIMAL CLASSIFICATION NUMBER
Classification number 921
100 ## - MAIN ENTRY--PERSONAL NAME
Personal name Bera, Gautam Kumar
245 ## - TITLE STATEMENT
Title The wanderlust anthropologist :
Statement of responsibility, etc by Gautam Kumar Bera
Remainder of title anthropological profile of Nirmal Kumar Bose /
260 ## - PUBLICATION, DISTRIBUTION, ETC. (IMPRINT)
Place of publication, distribution, etc Allahabad
Name of publisher, distributor, etc The Oriental Institute of Cultural and Social Reseach
Date of publication, distribution, etc 2009
270 ## - ADDRESS
Address 248/330, Baghambari Housing Scheme, Bhardwajpuram
City Allahabad
Postal code 211006
300 ## - PHYSICAL DESCRIPTION
Extent 96p.
Dimensions 22cm (pbk)
490 ## - SERIES STATEMENT
Series statement The Oriental Anthropologist Series - IV; edited by Vijoy S Sahay
-- 16771
500 ## - GENERAL NOTE
General note includes bibliographical references
942 ## - ADDED ENTRY ELEMENTS (KOHA)
Source of classification or shelving scheme Dewey Decimal Classification
Item type English Books
Classification part 921
Call number suffix BER
Holdings
Withdrawn status Lost status Not for loan Collection code Home library Current library Date acquired Source of acquisition Cost, normal purchase price Full call number Barcode Copy number Cost, replacement price Koha item type
    Not For Loan Non-fiction D.B.Act.Division D.B.Act.Division 21/08/2010 DBAD/PUB 100.00 921 BER EN-84738 1 100.00 English Books

© Delhi Public Library
Hit Counter
free hit counter